La philosophie des sciences /
Saved in:
| Main Author: | |
|---|---|
| Format: | Book |
| Language: | French |
| Published: |
Paris :
Presses universitaires de France,
c2011.
|
| Edition: | 1re éd. |
| Series: | Licence. Philo.
|
| Subjects: | |
| Tags: |
Add Tag
No Tags, Be the first to tag this record!
|
| LEADER | 00744nam a2200277Ma 4500 | ||
|---|---|---|---|
| 001 | 012995656-2 | ||
| 005 | 20120118120331.0 | ||
| 008 | 111115s2011 fr b 000 0 fre d | ||
| 020 | |a 9782130583424 | ||
| 020 | |a 2130583423 | ||
| 035 | 0 | |a ocn762961324 | |
| 040 | |a TZT |c TZT | ||
| 050 | 4 | |a Q175 |b .N68 2011 | |
| 082 | 1 | 4 | |a 501 |2 1 |
| 100 | 1 | |a Nouvel, Pascal. | |
| 245 | 1 | 0 | |a La philosophie des sciences / |c Pascal Nouvel. |
| 250 | |a 1re éd. | ||
| 260 | |a Paris : |b Presses universitaires de France, |c c2011. | ||
| 300 | |a 246 p. ; |c 22 cm. | ||
| 490 | 1 | |a Licence. Philo | |
| 504 | |a Includes bibliographical references. | ||
| 650 | 0 | |a Science |x Philosophy. | |
| 830 | 0 | |a Licence. |p Philo. | |
| 899 | |a 415_565143 | ||
| 988 | |a 20111207 | ||
| 906 | |0 OCLC | ||


